Logo BPK

Biblioteka

Politechniki Koszalińskiej

Der Deutsche Roman im 20. Jahrhundert / (Rekord nr 50291)

Szczegóły MARC
000 -ETYKIETA REKORDU
podpole kontrolne o stałej długości 00571nam a2200193 i 4500
001 - NUMER KONTROLNY REKORDU
pole kontrolne bgj
040 ## - ŹRÓDŁO KATALOGOWANIA
Instytucja, która utworzyła rekord BPK
041 0# - KOD JĘZYKA
Kod języka tekstu ger
008 - POLE O STAŁEJ DŁUGOŚCI - DANE KONTROLNE
podpole kontrolne o stałej długości s gw f |000 0 ger
100 1# - NAZWA OSOBOWA
Nazwa osobowa WELZIG Werner,
245 10 - TYTUŁ/ODPOWIEDZIALNOŚĆ
Tytuł Der Deutsche Roman im 20. Jahrhundert /
Pozostałe elementy strefy tytułu i oznaczenia odpowiedzialności Werner Welzig.
260 ## - STREFA ADRESU WYDAWNICZEGO
Miejsce wydania Stuttgart :
Nazwa wydawcy/dystrybutora Alfred Kröner Verlag,
Data publikacji, dystrybucji/powstania dokumentu c. 1967.
300 ## - STREFA OPISU FIZYCZNEGO
Objętość 406 S. ;
Rozmiary 18 cm.
490 1# - STREFA SERII I DOKUMENTU WIELOCZĘŚCIOWEGO - FORMA NIE DO WYSZUKIWANIA
Tytuł i oznaczenie odpowiedzialności serii Kröners Taschenausgabe ;
Numeracja w obrębie serii Band 367
505 ## - SFORMALIZOWANA UWAGA DOTYCZĄCA ZAWARTOŚCI
Pełny tekst uwagi Register.
650 #9 - HASŁO PRZEDMIOTOWE W FORMIE NAZWY OGÓLNEJ LUB JEDNOSTKOWEJ
Nazwa ogólna lub geograficzna Deutsche Roman
Określnik ogólny Kritik und Geschichte
Określnik chronologiczny 20 Jahrhundert
830 ## - HASŁO DODATKOWE SERII LUB DOKUMENTU WIELOCZĘŚCIOWEGO - TYTUŁ UJEDNOLICONY
Tytuł ujednolicony Kröners Taschenausgabe ;
856 ## - LOKALIZACJA I DOSTĘP DO ELEKTRONICZNYCH DOKUMENTÓW ZDALNYCH
Link (URL) http://koha.tu.koszalin.pl/cgi-bin/koha/opac-detail.pl?biblionumber=50291
Tekst linku Katalog online BPK
942 ## - DODATKOWE ELEMENTY (KOHA)
Typ dokumentu Książka
Egzemplarze
Wycofany Status egzemplarza Uszkodzony Dostępność Lokalizacja stała Lokalizacja bieżąca Miejsce przechowywania Sygnatura Kod kreskowy Dział Typ dokumentu
      Tylko na miejscu Biblioteka Politechniki Koszalińskiej Biblioteka Politechniki Koszalińskiej Czytelnia Wydziałowa ul. Kwiatkowskiego 6e N 180 01581140 821.112.2(091) Literatura niemiecka - historia Książka
© 2023 Biblioteka Politechniki Koszalińskiej :: KOHA